00550nam a2200181Ia 4500003000900000008004100009040003300050041000800083080001100091100002800102245005600130260003500186300002300221650001600244942000700260952008400267999001700351LK-CoDNM010623t1923 xxu||||| |||| 00| 1 eng d aLK-CoDNMdLK-CoDNMeLK-CoDNM aeng a6 L.31 aHayley, Frederic Austic aA Treatise on the Laws and Customs of the Sinhalese bH.W. Cave Co. aColomboc1923 b679,xcviip., 25 cm aKandyan Law cBK 001040708MONOaMAINbMAINd2023-08-02l0o6 L.31r2023-08-02w2023-08-02yBK c91435d91435